| 000 | 00664nam a2200205 a 4500 | ||
|---|---|---|---|
| 999 |
_c6292 _d6292 |
||
| 001 | 6292 | ||
| 003 | BD-JhCC | ||
| 005 | 20180120173411.0 | ||
| 008 | 180120s2005 bg |||| |||| 00| 0 ben d | ||
| 035 | _a(BD-JhCC) | ||
| 040 |
_aBD-JhCC _dBD-JhCC |
||
| 041 | _aben | ||
| 082 |
_a297.63 _bMOH 2005 |
||
| 100 | _aআলী, মোহাম্মদ ওয়াজেদ | ||
| 245 |
_aমরু-ভাস্কর হয়রত মোহাম্মদ (সঃ) / _cমোহাম্মদ ওয়াজেদ আলী |
||
| 260 |
_aঢাকা: _bঅনির্বাণ; _c2005 |
||
| 300 |
_a159 p;, _c22 cm |
||
| 650 | _aProphet Mohammad | ||
| 942 |
_2ddc _cBK |
||